|
|
|
|
| LEADER |
00000nam0a2200000 4500 |
| 001 |
365993 |
| 005 |
20231102011834.0 |
| 035 |
|
|
|a (RuTPU)RU\TPU\retro\23356
|
| 090 |
|
|
|a 365993
|
| 100 |
|
|
|a 20220126d1979 m y0rusy50 ca
|
| 101 |
0 |
|
|a rus
|
| 102 |
|
|
|a RU
|
| 105 |
|
|
|a a j 001zy
|
| 200 |
1 |
|
|a Основы проектирования логических устройств
|e учебное пособие
|f К. И. Харазов, В. А. Сердюк
|g Московский авиационный институт
|
| 210 |
|
|
|a Москва
|c [Б. и.]
|d 1979
|
| 215 |
|
|
|a 66 с.
|c ил.
|
| 320 |
|
|
|a Библиогр.: с. 65
|
| 606 |
1 |
|
|a Цифровые устройства
|x Схемотехника
|2 stltpush
|3 (RuTPU)RU\TPU\subj\71356
|9 85311
|
| 610 |
1 |
|
|a двоичное счисление
|
| 610 |
1 |
|
|a цифровые устройства
|
| 610 |
1 |
|
|a построение
|
| 610 |
1 |
|
|a логические элементы
|
| 610 |
1 |
|
|a учебные пособия
|
| 675 |
|
|
|a 004.31(075.8)
|v 4
|
| 700 |
|
1 |
|a Харазов
|b К. И.
|g Конкордий Иннокентьевич
|
| 701 |
|
1 |
|a Сердюк
|b В. А.
|g Владимир Александрович
|
| 712 |
0 |
2 |
|a Московский авиационный институт
|c (1930- )
|2 stltpush
|3 (RuTPU)RU\TPU\col\3642
|9 23867
|
| 801 |
|
1 |
|a RU
|b 63413507
|c 20220126
|
| 942 |
|
|
|c BK
|